00281pab a2200121 454500008004000000100002400040245004400064260000900108300001200117362000800129650001100137773001100148180718b1996 xxu||||| |||| 00| 0 eng d aPurkayastha, Gautam aRural labour indebtedness: a case study c1996 ap.21-23 aDec aLabour aYojana